Innovative Medical Education (Record no. 1894)
[ view plain ]
| 000 -LEADER | |
|---|---|
| fixed length control field | 00570nam a22002177a 4500 |
| 003 - CONTROL NUMBER IDENTIFIER | |
| control field | OSt |
| 005 - DATE AND TIME OF LATEST TRANSACTION | |
| control field | 20210701115648.0 |
| 008 - FIXED-LENGTH DATA ELEMENTS--GENERAL INFORMATION | |
| fixed length control field | 210701b ||||| |||| 00| 0 eng d |
| 020 ## - INTERNATIONAL STANDARD BOOK NUMBER | |
| International Standard Book Number | 9966838244 |
| 040 ## - CATALOGING SOURCE | |
| Transcribing agency | Alupe University |
| 050 ## - LIBRARY OF CONGRESS CALL NUMBER | |
| Classification number | R737 |
| Item number | .M8 1999 |
| 100 ## - MAIN ENTRY--PERSONAL NAME | |
| Personal name | Mutema, Alfred M. |
| 245 ## - TITLE STATEMENT | |
| Title | Innovative Medical Education |
| 260 ## - PUBLICATION, DISTRIBUTION, ETC. | |
| Place of publication, distribution, etc. | Njoro, Kenya |
| Name of publisher, distributor, etc. | Egerton University |
| Date of publication, distribution, etc. | 1999 |
| 300 ## - PHYSICAL DESCRIPTION | |
| Extent | 162p |
| 504 ## - BIBLIOGRAPHY, ETC. NOTE | |
| Bibliography, etc. note | Includes Bibliographic Details |
| 650 ## - SUBJECT ADDED ENTRY--TOPICAL TERM | |
| Topical term or geographic name entry element | Medicine Education |
| 700 ## - ADDED ENTRY--PERSONAL NAME | |
| Personal name | Simon Kang'ethe |
| 700 ## - ADDED ENTRY--PERSONAL NAME | |
| Personal name | Vincent Naweya |
| 942 ## - ADDED ENTRY ELEMENTS (KOHA) | |
| Source of classification or shelving scheme | |
| Koha item type | Book |
| Suppress in OPAC | SO |
| Withdrawn status | Lost status | Source of classification or shelving scheme | Damaged status | Not for loan | Permanent Location | Current Location | Shelving location | Date acquired | Total Checkouts | Full call number | Barcode | Date last seen | Date last checked out | Copy number | Price effective from | Koha item type | Public note | Source of acquisition |
|---|---|---|---|---|---|---|---|---|---|---|---|---|---|---|---|---|---|---|
| AU LIBRARY | AU LIBRARY | Open Shelf | 01.07.2021 | 1 | R737 .M8 1999 C1 | 28002104 | 05.10.2023 | 21.09.2023 | 1 | 01.07.2021 | Book | SO | ||||||
| AU LIBRARY | AU LIBRARY | Open Shelf | 02.07.2021 | R737 .M8 1999 C2 | 28002103 | 02.07.2021 | 2 | 02.07.2021 | Book | SO | ||||||||
| AU LIBRARY | AU LIBRARY | Open Shelf | 19.07.2021 | 1 | R737 .M8 1999 C3 | 28001334 | 28.10.2021 | 15.10.2021 | 3 | 19.07.2021 | Book | DO | DONATION FROM MOI UNIVERSITY | |||||
| AU LIBRARY | AU LIBRARY | Open Shelf | 19.07.2021 | 4 | R737 .M8 1999 C4 | 28001332 | 16.06.2022 | 19.04.2022 | 4 | 19.07.2021 | Book | DO | DONATION FROM MOI UNIVERSITY | |||||
| AU LIBRARY | AU LIBRARY | Open Shelf | 17.08.2021 | 4 | R737 .M8 1999 C5 | 28004256 | 02.10.2023 | 21.09.2023 | 5 | 17.08.2021 | Book | JO | DONATION FROM MOI UNIVERSITY | |||||
| AU LIBRARY | AU LIBRARY | Open Shelf | 29.03.2022 | R737 .M8 1999 C6 | 28007083 | 29.03.2022 | 6 | 29.03.2022 | Book | JO | DONATION FROM MOI UNIVERSITY | |||||||
| AU LIBRARY | AU LIBRARY | Open Shelf | 29.03.2022 | R737 .M8 1999 C7 | 28007084 | 29.03.2022 | 7 | 29.03.2022 | Book | JO | DONATION FROM MOI UNIVERSITY | |||||||
| AU LIBRARY | AU LIBRARY | Open Shelf | 31.03.2022 | R737 .M8 1999 C8 | 28007316 | 31.03.2022 | 8 | 31.03.2022 | Book | JO | DONATION FROM MOI UNIVERSITY |